000 00486cam a22001697 4500
001 ltf90031488
003 DLC
005 20260227111551.0
008 910122s1949 gw 000 0 ger
010 _altf90031488
040 _aDLC
_cDLC
_dDLC
050 0 0 _a4GV 1620
100 1 _aGerstenberg, Joachim,
_d1902-
245 1 4 _aDie Wiedergewinnung Olympias als Stätte und Idee;
_bein Beitrag zur Geistesgeschichte.
260 _aBaden-Baden,
_bKairos Verlag
_c[c1949]
300 _a191 p.
999 _c37411
_d37411